| 000 | 00373nam a22001577a 4500 | ||
|---|---|---|---|
| 003 | SGT | ||
| 020 | _a978-0-8153-4608-1 | ||
| 082 |
_a616.0757 _bP14T |
||
| 100 | _aMCLERNAN, ALEXANDER | ||
| 245 | _aBIOS INSTANT NOTES MOLECULAR BIOLOGY | ||
| 250 | _a4TH | ||
| 260 |
_aNEW YORK _bGARLAND SCIENCE _c2014 |
||
| 300 | _a382 | ||
| 650 | _aMICROBIOLOGY | ||
| 942 |
_2ddc _cBK _045 |
||
| 999 |
_c19687 _d19687 |
||